| 000 | 00916nam a2200241 a 4500 | ||
|---|---|---|---|
| 005 | 20210223124503.0 | ||
| 008 | 011023s2000 es r 000 0 spa d | ||
| 020 | _a8441510709 | ||
| 035 | _aUPN01000113416 | ||
| 049 | _aCG | ||
| 050 | 4 |
_aQA76.73 J4.7 _bB7.2 |
|
| 100 | 1 | _aBradenbaugh, Jerry | |
| 245 | 1 | 0 |
_aAplicaciones JavaScript / _cJerry Bradenbaugh ; tr. Carlos Anaya. |
| 260 |
_aMadrid : _bAnaya Multimedia, _c2000. |
||
| 300 |
_a540 p. : _bil. |
||
| 500 | _a"Nivel: profesional/experto. Tipo de libro: Referencia /Aprendizaje. Temática: Programación internet" | ||
| 500 | _a"Programación de aplicaciones Web con JavaScript" | ||
| 534 |
_pTraducción de: _tJava Sprit application cookbook |
||
| 650 | 4 |
_aJAVASCRIPT (LENGUAJE DE PROGRAMACION PARA COMPUTADORA) _97530 |
|
| 650 | 4 |
_aSITIOS WEB - _xDESARROLLO |
|
| 650 | 4 |
_aPROGRAMAS DE APLICACION PARA COMPUTADORAS - _xDESARROLLO _97533 |
|
| 905 | _aLibro | ||
| 999 |
_c87324 _d87324 |
||